Statistics for Pictures by Letter - Y

Click here to take the quiz!

General Stats

  • This quiz has been taken 9,229 times
  • The average score is 11 of 16

Answer Stats

Answer % Correct
Yoga
99%
Yin and Yang
94%
Yacht
94%
Yolk
94%
Yeti
92%
Yawn
91%
Yak
87%
Yemen
84%
Yen
78%
Yeltsin
64%
Yurt
61%
Yankee
59%
Yosemite
56%
Yellowjacket
54%
York
25%
Yangon
17%

Score Distribution

Percentile by Number Answered

Percent of People with Each Score

Your Score History

You have not taken this quiz